[Event "Team Championship Russia (Rapid, Women)"]
[Site "Sochi"]
[Date "2018.10.08"]
[Round "4.5"]
[White "Schepetkova, Margarita"]
[Black "Gritsayeva, Oksana"]
[Result "1-0"]
[BlackElo "2388"]
[WhiteElo "2212"]
[LiveChessVersion "1.4.8"]

1. d4 {[%clk 0:15:18]} Nf6 {[%clk 0:15:19]} 2. c4 {[%clk 0:15:27]} Nc6
{[%clk 0:15:28]} 3. Nf3 {[%clk 0:15:23]} e6 {[%clk 0:15:36]} 4. g3
{[%clk 0:15:24]} Bb4+ {[%clk 0:15:38]} 5. Nbd2 {[%clk 0:14:45]} d5
{[%clk 0:15:31]} 6. Bg2 {[%clk 0:14:54]} dxc4 {[%clk 0:14:48]} 7. O-O
{[%clk 0:15:02]} c3 {[%clk 0:14:35]} 8. Nc4 {[%clk 0:15:10]} cxb2
{[%clk 0:14:26]} 9. Bxb2 {[%clk 0:15:19]} O-O {[%clk 0:14:17]} 10. Qc2
{[%clk 0:15:28]} Be7 {[%clk 0:13:54]} 11. a3 {[%clk 0:15:37]} a5 {[%clk 0:13:23]}
12. Rfd1 {[%clk 0:14:36]} a4 {[%clk 0:12:36]} 13. Rac1 {[%clk 0:14:32]} Bd7
{[%clk 0:12:00]} 14. Nce5 {[%clk 0:12:40]} h6 {[%clk 0:10:32]} 15. e4
{[%clk 0:12:26]} Na5 {[%clk 0:06:41]} 16. Nxd7 {[%clk 0:12:01]} Qxd7
{[%clk 0:06:33]} 17. Ne5 {[%clk 0:11:25]} Qb5 {[%clk 0:06:30]} 18. Qxc7
{[%clk 0:10:58]} Qxb2 {[%clk 0:06:01]} 19. Qxe7 {[%clk 0:11:01]} Rae8
{[%clk 0:05:17]} 20. Qc5 {[%clk 0:10:11]} Nb3 {[%clk 0:03:57]} 21. Qb4
{[%clk 0:10:20]} Qe2 {[%clk 0:03:54]} 22. Bf3 {[%clk 0:09:59]} Qa2
{[%clk 0:03:35]} 23. Rc7 {[%clk 0:09:04]} Rd8 {[%clk 0:03:40]} 24. Kg2
{[%clk 0:08:10]} b5 {[%clk 0:03:03]} 25. Nc6 {[%clk 0:07:32]} Rde8
{[%clk 0:02:50]} 26. e5 {[%clk 0:07:29]} Nd5 {[%clk 0:02:21]} 27. Bxd5
{[%clk 0:07:36]} exd5 {[%clk 0:02:30]} 28. Rd3 {[%clk 0:05:53]} Qe2
{[%clk 0:02:17]} 29. Re3 {[%clk 0:05:32]} Qd1 {[%clk 0:02:26]} 30. Qxb5
{[%clk 0:03:17]} Nxd4 {[%clk 0:02:05]} 31. Qxd5 {[%clk 0:03:06]} Re6
{[%clk 0:00:52]} 32. Qxd4 {[%clk 0:02:50]} Qb1 {[%clk 0:00:52]} 33. Rf3
{[%clk 0:02:41]} Qb5 {[%clk 0:00:40]} 34. Ne7+ {[%clk 0:01:47]} Kh8
{[%clk 0:00:45]} 35. Nd5 {[%clk 0:01:50]} Rd8 {[%clk 0:00:22]} 36. Nc3
{[%clk 0:01:52]} Qb8 {[%clk 0:00:12]} 37. Qc5 {[%clk 0:02:00]} 1-0

[Event "Team Championship Russia (Rapid, Women)"]
[Site "Sochi"]
[Date "2018.10.08"]
[Round "4.6"]
[White "Tomilova, Elena"]
[Black "Sakorenko, Adriana"]
[Result "1-0"]
[BlackElo "1813"]
[WhiteElo "2275"]
[LiveChessVersion "1.4.8"]

1. c4 {[%clk 0:15:10]} e6 {[%clk 0:15:17]} 2. Nf3 {[%clk 0:15:26]} d5
{[%clk 0:15:26]} 3. b3 {[%clk 0:15:35]} Nf6 {[%clk 0:15:31]} 4. g3
{[%clk 0:15:42]} Be7 {[%clk 0:15:34]} 5. Bg2 {[%clk 0:15:49]} O-O
{[%clk 0:15:42]} 6. O-O {[%clk 0:15:57]} c5 {[%clk 0:15:45]} 7. cxd5
{[%clk 0:16:01]} Nxd5 {[%clk 0:15:41]} 8. Nc3 {[%clk 0:15:48]} Nxc3
{[%clk 0:15:29]} 9. dxc3 {[%clk 0:15:56]} Bf6 {[%clk 0:15:28]} 10. Qc2
{[%clk 0:15:55]} Nc6 {[%clk 0:15:13]} 11. Rd1 {[%clk 0:15:38]} Qc7
{[%clk 0:12:32]} 12. Bg5 {[%clk 0:14:56]} Be7 {[%clk 0:08:31]} 13. Bxe7
{[%clk 0:13:23]} Qxe7 {[%clk 0:08:30]} 14. Nd2 {[%clk 0:13:03]} Bd7
{[%clk 0:06:32]} 15. Nc4 {[%clk 0:12:13]} Rfd8 {[%clk 0:06:02]} 16. Nd6
{[%clk 0:11:29]} Be8 {[%clk 0:05:49]} 17. Nxe8 {[%clk 0:10:47]} Qxe8
{[%clk 0:05:51]} 18. Rd2 {[%clk 0:10:08]} g6 {[%clk 0:03:45]} 19. h4
{[%clk 0:09:18]} h5 {[%clk 0:03:40]} 20. Rad1 {[%clk 0:08:20]} Rxd2
{[%clk 0:03:41]} 21. Rxd2 {[%clk 0:08:24]} Rd8 {[%clk 0:03:06]} 22. Rd3
{[%clk 0:08:28]} Rxd3 {[%clk 0:01:24]} 23. Qxd3 {[%clk 0:08:31]} Qd8
{[%clk 0:01:10]} 24. Bxc6 {[%clk 0:08:10]} Qxd3 {[%clk 0:01:19]} 25. exd3
{[%clk 0:08:19]} bxc6 {[%clk 0:01:28]} 26. f4 {[%clk 0:07:32]} Kf8
{[%clk 0:01:21]} 27. Kf2 {[%clk 0:07:36]} Ke7 {[%clk 0:01:30]} 28. Ke3
{[%clk 0:07:39]} Kd6 {[%clk 0:01:38]} 29. d4 {[%clk 0:07:36]} f6 {[%clk 0:00:32]}
30. Ke4 {[%clk 0:07:20]} a6 {[%clk 0:00:16]} 31. Kd3 {[%clk 0:06:47]} Kd5
{[%clk 0:00:16]} 32. dxc5 {[%clk 0:05:39]} Kxc5 {[%clk 0:00:25]} 33. Ke4
{[%clk 0:05:44]} Kd6 {[%clk 0:00:12]} 34. b4 {[%clk 0:05:37]} c5 {[%clk 0:00:15]}
35. a4 {[%clk 0:05:27]} cxb4 {[%clk 0:00:23]} 36. cxb4 {[%clk 0:05:36]} Kc6
{[%clk 0:00:22]} 37. Kd4 {[%clk 0:05:33]} Kb6 {[%clk 0:00:18]} 38. Kc4
{[%clk 0:05:30]} Kc6 {[%clk 0:00:27]} 39. b5+ {[%clk 0:04:43]} axb5+
{[%clk 0:00:36]} 40. axb5+ {[%clk 0:04:52]} Kb6 {[%clk 0:00:39]} 41. Kb4
{[%clk 0:04:58]} e5 {[%clk 0:00:29]} 42. fxe5 {[%clk 0:05:03]} fxe5
{[%clk 0:00:38]} 43. Kc4 {[%clk 0:05:10]} e4 {[%clk 0:00:36]} 44. Kd4
{[%clk 0:05:14]} Kxb5 {[%clk 0:00:38]} 45. Kxe4 {[%clk 0:05:23]} Kc4
{[%clk 0:00:20]} 46. Kf4 {[%clk 0:05:11]} Kd4 {[%clk 0:00:22]} 47. Ke4+ 1-0

[Event "Team Championship Russia (Rapid, Women)"]
[Site "Sochi"]
[Date "2018.10.08"]
[Round "4.7"]
[White "Zhurova, Anna"]
[Black "Charochkina, Daria"]
[Result "1/2-1/2"]
[BlackElo "2360"]
[WhiteElo "1654"]
[LiveChessVersion "1.4.8"]

1. e4 {[%clk 0:15:18]} c6 {[%clk 0:15:14]} 2. d4 {[%clk 0:15:24]} d5
{[%clk 0:15:22]} 3. exd5 {[%clk 0:15:31]} cxd5 {[%clk 0:15:31]} 4. Bd3
{[%clk 0:15:40]} Nc6 {[%clk 0:15:40]} 5. c3 {[%clk 0:15:49]} Qc7 {[%clk 0:15:49]}
6. h3 {[%clk 0:15:57]} Nf6 {[%clk 0:15:56]} 7. Nf3 {[%clk 0:16:05]} e6
{[%clk 0:16:05]} 8. O-O {[%clk 0:16:13]} Be7 {[%clk 0:15:25]} 9. Re1
{[%clk 0:16:19]} O-O {[%clk 0:15:33]} 10. Nbd2 {[%clk 0:16:28]} b6
{[%clk 0:15:40]} 11. Ne5 {[%clk 0:16:29]} Nxe5 {[%clk 0:14:53]} 12. dxe5
{[%clk 0:16:01]} Nd7 {[%clk 0:15:01]} 13. Re3 {[%clk 0:15:34]} Nxe5
{[%clk 0:11:23]} 14. Bxh7+ {[%clk 0:14:54]} Kxh7 {[%clk 0:11:32]} 15. Qh5+
{[%clk 0:14:58]} Kg8 {[%clk 0:11:41]} 16. Rxe5 {[%clk 0:14:43]} g6
{[%clk 0:11:29]} 17. Qe2 {[%clk 0:14:50]} Ba6 {[%clk 0:11:35]} 18. Qe1
{[%clk 0:14:39]} Bf6 {[%clk 0:11:07]} 19. Re3 e5 20. h4 {[%clk 0:12:02]} e4
{[%clk 0:10:08]} 21. h5 {[%clk 0:11:09]} gxh5 {[%clk 0:09:17]} 22. Rg3+
{[%clk 0:11:05]} Kh8 {[%clk 0:08:55]} 23. Qe3 {[%clk 0:10:33]} Bg7
{[%clk 0:07:59]} 24. Rxg7 {[%clk 0:10:12]} Kxg7 {[%clk 0:08:07]} 25. Qg5+
{[%clk 0:10:22]} 1/2-1/2

[Event "Team Championship Russia (Rapid, Women)"]
[Site "Sochi"]
[Date "2018.10.08"]
[Round "4.8"]
[White "Illina, Natalia"]
[Black "Shestakova, Ekaterina"]
[Result "1/2-1/2"]
[BlackElo "1619"]
[WhiteElo "1976"]
[LiveChessVersion "1.4.8"]

1. e4 {[%clk 0:15:19]} c5 {[%clk 0:15:19]} 2. Nf3 {[%clk 0:15:28]} Nc6
{[%clk 0:15:27]} 3. Bb5 {[%clk 0:15:34]} g6 {[%clk 0:15:35]} 4. Bxc6
{[%clk 0:15:42]} bxc6 {[%clk 0:15:44]} 5. O-O {[%clk 0:15:50]} Bg7
{[%clk 0:15:53]} 6. Re1 {[%clk 0:15:59]} Nf6 {[%clk 0:15:51]} 7. e5
{[%clk 0:16:03]} Nd5 8. c4 Nc7 {[%clk 0:16:05]} 9. d4 {[%clk 0:16:22]} cxd4
{[%clk 0:16:13]} 10. Qxd4 {[%clk 0:16:32]} d5 {[%clk 0:14:53]} 11. Rd1
{[%clk 0:15:17]} Be6 {[%clk 0:12:32]} 12. Qc5 {[%clk 0:13:43]} Bd7
{[%clk 0:10:57]} 13. Nc3 {[%clk 0:11:49]} Ne6 {[%clk 0:10:01]} 14. Qe3
{[%clk 0:10:48]} dxc4 {[%clk 0:09:53]} 15. Qe4 {[%clk 0:09:29]} O-O
{[%clk 0:09:36]} 16. Qxc4 Qc7 {[%clk 0:09:05]} 17. Qe2 {[%clk 0:06:17]} Rab8
{[%clk 0:08:21]} 18. b3 {[%clk 0:06:06]} Rfd8 {[%clk 0:08:14]} 19. Bb2
{[%clk 0:05:50]} Be8 {[%clk 0:07:32]} 20. Na4 {[%clk 0:05:04]} c5
{[%clk 0:07:19]} 21. Nc3 {[%clk 0:03:56]} Bc6 {[%clk 0:07:15]} 22. Ne4
{[%clk 0:03:22]} Bb5 {[%clk 0:05:48]} 23. Qc2 {[%clk 0:03:02]} c4
{[%clk 0:05:27]} 24. Rxd8+ {[%clk 0:02:36]} Rxd8 {[%clk 0:05:21]} 25. Rc1
{[%clk 0:02:34]} cxb3 {[%clk 0:04:02]} 26. Qxb3 {[%clk 0:02:02]} Qb6
{[%clk 0:03:54]} 27. h3 {[%clk 0:00:56]} Bd3 {[%clk 0:03:21]} 28. Ned2
{[%clk 0:00:27]} Qxb3 {[%clk 0:03:20]} 29. Nxb3 {[%clk 0:00:32]} Bb5
{[%clk 0:03:21]} 30. g3 {[%clk 0:00:20]} a6 {[%clk 0:03:01]} 31. Kg2
{[%clk 0:00:22]} f5 {[%clk 0:02:37]} 32. Nc5 {[%clk 0:00:19]} Nxc5
{[%clk 0:02:10]} 33. Rxc5 {[%clk 0:00:28]} h6 {[%clk 0:02:10]} 34. Rc7
{[%clk 0:00:19]} Rd7 {[%clk 0:01:22]} 35. Rc8+ {[%clk 0:00:17]} Kh7
{[%clk 0:01:04]} 36. Bc3 {[%clk 0:00:19]} Rd1 {[%clk 0:00:31]} 37. Rc7
{[%clk 0:00:19]} Rd7 {[%clk 0:00:31]} 38. Rxd7 {[%clk 0:00:18]} Bxd7
{[%clk 0:00:40]} 39. Nd2 {[%clk 0:00:24]} Be6 {[%clk 0:00:47]} 40. a3
{[%clk 0:00:31]} Bd5+ {[%clk 0:00:55]} 41. Kf1 {[%clk 0:00:39]} e6
{[%clk 0:01:03]} 42. f4 {[%clk 0:00:39]} Bf8 {[%clk 0:01:09]} 43. Bb2
{[%clk 0:00:33]} Bc5 {[%clk 0:01:16]} 44. Ke2 {[%clk 0:00:41]} g5
{[%clk 0:01:22]} 45. Nf3 {[%clk 0:00:16]} Kg6 {[%clk 0:00:57]} 46. Bc1
{[%clk 0:00:18]} Bc4+ {[%clk 0:00:49]} 47. Ke1 {[%clk 0:00:18]} Bd5
{[%clk 0:00:50]} 48. Ke2 {[%clk 0:00:18]} Bc4+ {[%clk 0:00:59]} 49. Ke1
{[%clk 0:00:16]} Bd5 {[%clk 0:01:03]} 50. Ng1 1/2-1/2

[Event "Team Championship Russia (Rapid, Women)"]
[Site "Sochi"]
[Date "2018.10.08"]
[Round "4.9"]
[White "Gunina, Valentina"]
[Black "Ambartsumova, Karina"]
[Result "1/2-1/2"]
[BlackElo "2327"]
[WhiteElo "2459"]
[LiveChessVersion "1.4.8"]

1. d4 {[%clk 0:15:18]} Nf6 {[%clk 0:15:19]} 2. c4 {[%clk 0:15:26]} e6
{[%clk 0:15:24]} 3. Nf3 {[%clk 0:15:33]} d5 {[%clk 0:15:32]} 4. g3
{[%clk 0:15:42]} dxc4 {[%clk 0:15:33]} 5. Bg2 {[%clk 0:15:50]} Nc6
{[%clk 0:15:42]} 6. O-O {[%clk 0:15:42]} Rb8 {[%clk 0:15:36]} 7. Bg5
{[%clk 0:15:02]} h6 {[%clk 0:15:16]} 8. Bxf6 {[%clk 0:15:02]} Qxf6
{[%clk 0:15:24]} 9. e3 {[%clk 0:15:00]} b5 {[%clk 0:14:09]} 10. a4
{[%clk 0:15:04]} a6 {[%clk 0:13:56]} 11. axb5 {[%clk 0:15:05]} axb5
{[%clk 0:14:05]} 12. Nfd2 {[%clk 0:15:04]} Bd7 {[%clk 0:13:25]} 13. b3
{[%clk 0:15:11]} cxb3 {[%clk 0:13:18]} 14. Qxb3 {[%clk 0:15:19]} Bd6
{[%clk 0:12:14]} 15. Rc1 {[%clk 0:15:18]} Ne7 {[%clk 0:08:44]} 16. Ne4
{[%clk 0:15:16]} Qf5 {[%clk 0:07:08]} 17. Nxd6+ {[%clk 0:15:16]} cxd6
{[%clk 0:07:17]} 18. Ra7 {[%clk 0:15:13]} Rd8 {[%clk 0:05:39]} 19. Rcc7
{[%clk 0:14:41]} Nc8 {[%clk 0:03:07]} 20. Rab7 {[%clk 0:14:17]} d5
{[%clk 0:01:31]} 21. Qb4 {[%clk 0:14:26]} Qf6 {[%clk 0:00:39]} 22. Qc5
{[%clk 0:14:34]} Qe7 {[%clk 0:00:41]} 23. Rxd7 {[%clk 0:14:29]} Rxd7
{[%clk 0:00:44]} 24. Qxc8+ {[%clk 0:14:37]} Qd8 {[%clk 0:00:50]} 25. Qc6
{[%clk 0:14:13]} Ke7 {[%clk 0:01:00]} 26. Qxb5 {[%clk 0:14:15]} Rxb7
{[%clk 0:01:07]} 27. Qxb7+ {[%clk 0:14:23]} Qd7 {[%clk 0:01:17]} 28. Qb4+
{[%clk 0:14:08]} Qd6 {[%clk 0:01:26]} 29. Qc3 {[%clk 0:14:04]} Rb8
{[%clk 0:01:35]} 30. Nd2 {[%clk 0:14:13]} Rb7 {[%clk 0:01:38]} 31. Bf1
{[%clk 0:13:41]} Qb4 {[%clk 0:01:35]} 32. Qxb4+ {[%clk 0:13:49]} Rxb4
{[%clk 0:01:45]} 33. Kg2 {[%clk 0:13:47]} Kd6 {[%clk 0:01:50]} 34. Nf3
{[%clk 0:13:55]} f6 {[%clk 0:01:59]} 35. h4 {[%clk 0:13:53]} g5 {[%clk 0:00:44]}
36. Nh2 {[%clk 0:13:53]} e5 {[%clk 0:00:45]} 37. Ng4 {[%clk 0:13:24]} exd4
{[%clk 0:00:46]} 38. exd4 {[%clk 0:13:17]} Rxd4 {[%clk 0:00:54]} 39. Nxh6
{[%clk 0:13:24]} Ke6 {[%clk 0:00:37]} 40. h5 {[%clk 0:12:59]} g4 {[%clk 0:00:41]}
41. Ba6 {[%clk 0:13:05]} f5 {[%clk 0:00:28]} 42. Bc8+ {[%clk 0:13:10]} Kf6
{[%clk 0:00:38]} 43. Nxf5 {[%clk 0:13:18]} Rc4 {[%clk 0:00:46]} 44. Ba6
{[%clk 0:12:58]} Kxf5 {[%clk 0:00:44]} 45. Bxc4 {[%clk 0:11:12]} dxc4
{[%clk 0:00:53]} 46. Kf1 {[%clk 0:11:21]} Kg5 {[%clk 0:01:02]} 47. Ke2
{[%clk 0:11:30]} Kxh5 {[%clk 0:01:07]} 48. Kd2 {[%clk 0:10:57]} Kg5
{[%clk 0:01:14]} 49. Kc3 {[%clk 0:11:07]} Kf5 {[%clk 0:00:45]} 50. Kd4
{[%clk 0:11:16]} c3 {[%clk 0:00:27]} 51. Kxc3 {[%clk 0:10:17]} Ke4
{[%clk 0:00:37]} 52. Kd2 {[%clk 0:10:26]} Kd4 {[%clk 0:00:46]} 53. Ke1
{[%clk 0:10:24]} Ke5 {[%clk 0:00:41]} 54. Kd1 {[%clk 0:09:58]} Kd5
{[%clk 0:00:49]} 55. Kc2 {[%clk 0:09:43]} Kc4 {[%clk 0:00:44]} 56. Kc1
{[%clk 0:09:50]} Kc5 {[%clk 0:00:35]} 57. Kb2 {[%clk 0:08:56]} Kd4
{[%clk 0:00:31]} 58. Kc2 {[%clk 0:09:05]} Kc4 {[%clk 0:00:35]} 59. Kd1
{[%clk 0:09:12]} Kd5 {[%clk 0:00:41]} 60. Ke1 {[%clk 0:09:21]} Ke5
{[%clk 0:00:50]} 61. Kf1 {[%clk 0:09:29]} Kf5 {[%clk 0:00:45]} 62. Kg2
{[%clk 0:09:31]} Ke4 {[%clk 0:00:54]} 63. Kg1 {[%clk 0:09:37]} Ke5
{[%clk 0:00:51]} 64. Kf1 {[%clk 0:09:44]} Kf5 {[%clk 0:01:01]} 65. Kg2
{[%clk 0:09:35]} Ke4 {[%clk 0:01:07]} 66. Kg1 {[%clk 0:09:43]} Ke5
{[%clk 0:01:14]} 67. Kh2 {[%clk 0:09:49]} Kf5 {[%clk 0:01:19]} 68. Kh1
{[%clk 0:09:38]} Ke4 {[%clk 0:01:05]} 69. Kg1 {[%clk 0:09:40]} Ke5
{[%clk 0:01:13]} 70. Kg2 {[%clk 0:09:39]} Ke4 {[%clk 0:01:16]} 71. Kf1
{[%clk 0:09:48]} Kf5 {[%clk 0:01:24]} 72. Ke2 {[%clk 0:09:48]} Ke4
{[%clk 0:01:31]} 73. Kd1 {[%clk 0:09:56]} Kd5 {[%clk 0:01:34]} 74. Ke2
{[%clk 0:09:00]} Ke4 {[%clk 0:01:39]} 75. Kf1 {[%clk 0:09:08]} Kf5
{[%clk 0:01:48]} 76. Ke1 {[%clk 0:09:07]} Ke5 {[%clk 0:01:33]} 1/2-1/2

[Event "Team Championship Russia (Rapid, Women)"]
[Site "Sochi"]
[Date "2018.10.08"]
[Round "4.10"]
[White "Nebolsina, Vera"]
[Black "Bivol, Alina"]
[Result "0-1"]
[BlackElo "2322"]
[WhiteElo "2157"]
[LiveChessVersion "1.4.8"]

1. e4 {[%clk 0:15:18]} e6 {[%clk 0:15:19]} 2. d4 {[%clk 0:15:27]} d5
{[%clk 0:15:28]} 3. exd5 {[%clk 0:15:35]} exd5 {[%clk 0:15:37]} 4. Nf3
{[%clk 0:15:43]} Nf6 {[%clk 0:15:41]} 5. Bd3 {[%clk 0:15:50]} c5 {[%clk 0:15:49]}
6. O-O {[%clk 0:15:18]} c4 {[%clk 0:15:58]} 7. Be2 {[%clk 0:15:27]} Be7
{[%clk 0:15:50]} 8. b3 {[%clk 0:15:24]} cxb3 {[%clk 0:15:58]} 9. axb3
{[%clk 0:15:25]} O-O {[%clk 0:16:07]} 10. c4 {[%clk 0:13:28]} Nc6
{[%clk 0:16:15]} 11. Nc3 {[%clk 0:13:25]} Re8 {[%clk 0:16:23]} 12. h3
{[%clk 0:09:49]} Bf5 {[%clk 0:15:45]} 13. Bf4 {[%clk 0:08:17]} a6
{[%clk 0:14:51]} 14. Nxd5 {[%clk 0:06:38]} Nxd5 {[%clk 0:14:54]} 15. cxd5
{[%clk 0:06:47]} Nb4 {[%clk 0:14:54]} 16. d6 {[%clk 0:05:56]} Bxd6
{[%clk 0:14:57]} 17. Bxd6 {[%clk 0:05:45]} Qxd6 {[%clk 0:15:06]} 18. Ra5
{[%clk 0:05:53]} b5 {[%clk 0:14:17]} 19. Qd2 {[%clk 0:05:52]} Rac8
{[%clk 0:14:03]} 20. Bd1 {[%clk 0:05:32]} h6 {[%clk 0:13:10]} 21. Ra1
{[%clk 0:05:17]} Nd5 {[%clk 0:12:15]} 22. Re1 {[%clk 0:04:53]} Rxe1+
{[%clk 0:11:34]} 23. Qxe1 {[%clk 0:05:01]} Nc3 {[%clk 0:11:02]} 24. Nh4
{[%clk 0:04:50]} Be6 {[%clk 0:10:47]} 25. Bg4 {[%clk 0:04:43]} Bxg4
{[%clk 0:10:44]} 26. hxg4 {[%clk 0:04:51]} g6 {[%clk 0:09:59]} 27. Qe3
{[%clk 0:04:48]} Qxd4 {[%clk 0:09:49]} 28. Rxa6 {[%clk 0:04:13]} Qxe3
{[%clk 0:07:22]} 29. fxe3 {[%clk 0:04:22]} Re8 {[%clk 0:07:22]} 30. Nf3
{[%clk 0:03:54]} Rxe3 {[%clk 0:07:21]} 31. Nd4 {[%clk 0:04:01]} Re4
{[%clk 0:07:06]} 32. Nc6 {[%clk 0:03:29]} Rxg4 {[%clk 0:06:45]} 33. Ra7
{[%clk 0:03:36]} Rf4 {[%clk 0:06:44]} 34. g3 {[%clk 0:03:40]} Rf6
{[%clk 0:06:07]} 35. Ne5 {[%clk 0:03:47]} h5 {[%clk 0:05:45]} 36. Kg2
{[%clk 0:03:43]} Kg7 {[%clk 0:05:09]} 37. Rc7 {[%clk 0:03:38]} Ne4
{[%clk 0:04:50]} 38. Rb7 {[%clk 0:03:25]} Rf2+ {[%clk 0:04:53]} 39. Kg1
{[%clk 0:03:34]} Rf5 {[%clk 0:04:59]} 40. Nc6 {[%clk 0:02:54]} Nxg3
{[%clk 0:04:43]} 41. Nd4 {[%clk 0:03:00]} Rd5 {[%clk 0:04:20]} 42. Nxb5
{[%clk 0:03:01]} h4 {[%clk 0:04:21]} 43. Nc7 {[%clk 0:03:07]} Rd2
{[%clk 0:04:18]} 44. Ne6+ {[%clk 0:02:49]} Kf6 {[%clk 0:03:46]} 45. Nf4
{[%clk 0:02:58]} Ne2+ {[%clk 0:03:25]} 46. Nxe2 {[%clk 0:03:05]} Rxe2
{[%clk 0:03:34]} 47. b4 {[%clk 0:03:13]} g5 {[%clk 0:03:39]} 48. b5
{[%clk 0:03:19]} g4 {[%clk 0:03:36]} 49. b6 {[%clk 0:03:15]} g3 {[%clk 0:03:19]}
50. Rb8 {[%clk 0:03:22]} h3 {[%clk 0:03:21]} 51. Rh8 {[%clk 0:02:10]} Re1#
{[%clk 0:03:29]} 0-1

[Event "Team Championship Russia (Rapid, Women)"]
[Site "Sochi"]
[Date "2018.10.08"]
[Round "4.11"]
[White "Dordzhieva, Dinara"]
[Black "Markelova, Lubov"]
[Result "0-1"]
[BlackElo "2049"]
[WhiteElo "2248"]
[LiveChessVersion "1.4.8"]

1. d4 {[%clk 0:15:17]} d5 {[%clk 0:15:20]} 2. c4 {[%clk 0:15:25]} c6
{[%clk 0:15:29]} 3. cxd5 {[%clk 0:15:32]} cxd5 {[%clk 0:15:38]} 4. Nf3
{[%clk 0:15:40]} Nc6 {[%clk 0:15:44]} 5. Nc3 {[%clk 0:15:49]} Nf6
{[%clk 0:15:53]} 6. Bf4 {[%clk 0:15:57]} Bf5 {[%clk 0:16:01]} 7. e3
{[%clk 0:16:02]} e6 {[%clk 0:16:10]} 8. Ne5 {[%clk 0:15:57]} Nxe5
{[%clk 0:15:44]} 9. Bxe5 {[%clk 0:16:04]} Nd7 {[%clk 0:15:50]} 10. Qb3
{[%clk 0:14:57]} Nxe5 {[%clk 0:15:07]} 11. dxe5 {[%clk 0:15:02]} Be7
{[%clk 0:15:05]} 12. Bb5+ {[%clk 0:15:03]} Kf8 {[%clk 0:15:13]} 13. Be2
{[%clk 0:06:31]} g5 {[%clk 0:11:48]} 14. O-O {[%clk 0:06:20]} Qc7
{[%clk 0:08:21]} 15. f4 {[%clk 0:04:48]} Qc5 {[%clk 0:06:43]} 16. Na4
{[%clk 0:04:38]} Qb4 {[%clk 0:06:23]} 17. Qxb4 {[%clk 0:02:46]} Bxb4
{[%clk 0:06:31]} 18. Kf2 {[%clk 0:02:33]} gxf4 {[%clk 0:04:52]} 19. exf4
{[%clk 0:02:37]} Rc8 {[%clk 0:04:44]} 20. Rac1 {[%clk 0:01:44]} Ke7
{[%clk 0:04:27]} 21. g4 {[%clk 0:01:25]} Bc2 {[%clk 0:04:07]} 22. Nc3
{[%clk 0:01:33]} Bxc3 {[%clk 0:02:47]} 23. bxc3 {[%clk 0:01:42]} Rxc3
{[%clk 0:02:28]} 24. Ke1 {[%clk 0:01:51]} Rhc8 {[%clk 0:02:12]} 25. Kd2
{[%clk 0:02:00]} d4 {[%clk 0:01:51]} 26. Rf3 {[%clk 0:01:59]} Rxf3
{[%clk 0:01:18]} 27. Bxf3 {[%clk 0:02:07]} d3 {[%clk 0:01:21]} 28. Be4
{[%clk 0:01:30]} Rc4 {[%clk 0:01:04]} 29. Re1 {[%clk 0:01:16]} Ra4
{[%clk 0:00:48]} 30. Bxd3 {[%clk 0:01:22]} Bxd3 {[%clk 0:00:53]} 31. Kxd3
{[%clk 0:01:31]} Rxf4 {[%clk 0:01:00]} 32. Rg1 {[%clk 0:00:38]} Rf2
{[%clk 0:01:04]} 33. h4 {[%clk 0:00:33]} Rxa2 {[%clk 0:01:12]} 34. h5
{[%clk 0:00:41]} Ra4 {[%clk 0:01:00]} 35. g5 {[%clk 0:00:45]} Rh4
{[%clk 0:00:48]} 36. g6 {[%clk 0:00:53]} fxg6 {[%clk 0:00:55]} 37. hxg6
{[%clk 0:01:02]} hxg6 {[%clk 0:01:03]} 38. Rxg6 {[%clk 0:01:11]} Kd7
{[%clk 0:00:34]} 39. Ke3 {[%clk 0:01:10]} a5 {[%clk 0:00:37]} 40. Kd3
{[%clk 0:01:10]} b5 {[%clk 0:00:41]} 41. Rg8 {[%clk 0:00:41]} a4 {[%clk 0:00:25]}
42. Ra8 {[%clk 0:00:46]} Kc6 {[%clk 0:00:27]} 43. Rd8 {[%clk 0:00:54]} a3
{[%clk 0:00:26]} 44. Rd6+ {[%clk 0:00:58]} Kc5 {[%clk 0:00:35]} 45. Rxe6
{[%clk 0:01:07]} a2 {[%clk 0:00:38]} 46. Ra6 {[%clk 0:01:16]} Ra4
{[%clk 0:00:45]} 0-1

[Event "Team Championship Russia (Rapid, Women)"]
[Site "Sochi"]
[Date "2018.10.08"]
[Round "4.12"]
[White "Shafigullina, Zarina"]
[Black "Maltsevskaya, Aleksandra"]
[Result "1/2-1/2"]
[BlackElo "2194"]
[WhiteElo "2025"]
[LiveChessVersion "1.4.8"]

1. d4 {[%clk 0:15:19]} Nf6 {[%clk 0:15:18]} 2. Nf3 {[%clk 0:15:26]} g6
{[%clk 0:15:27]} 3. g3 {[%clk 0:15:35]} Bg7 {[%clk 0:15:36]} 4. Bg2
{[%clk 0:15:43]} d6 {[%clk 0:15:45]} 5. c4 {[%clk 0:15:48]} O-O {[%clk 0:15:52]}
6. O-O {[%clk 0:15:56]} Nbd7 {[%clk 0:16:01]} 7. Nc3 {[%clk 0:16:02]} e5
{[%clk 0:16:09]} 8. e4 {[%clk 0:14:42]} exd4 {[%clk 0:16:16]} 9. Nxd4
{[%clk 0:14:50]} Nc5 {[%clk 0:16:24]} 10. h3 {[%clk 0:14:42]} Re8
{[%clk 0:16:24]} 11. Re1 {[%clk 0:14:50]} Bd7 {[%clk 0:16:32]} 12. Rb1
{[%clk 0:14:21]} a5 {[%clk 0:16:37]} 13. b3 {[%clk 0:14:30]} a4 {[%clk 0:16:27]}
14. Bb2 {[%clk 0:14:19]} axb3 {[%clk 0:16:34]} 15. axb3 {[%clk 0:14:28]} h5
{[%clk 0:16:31]} 16. b4 {[%clk 0:14:29]} Ne6 {[%clk 0:16:37]} 17. Nd5
{[%clk 0:14:21]} Ra2 {[%clk 0:12:16]} 18. Nxe6 {[%clk 0:12:50]} Bxe6
{[%clk 0:09:23]} 19. Qb3 {[%clk 0:11:14]} Ra8 {[%clk 0:08:55]} 20. Qc3
{[%clk 0:10:24]} Bxd5 {[%clk 0:09:03]} 21. exd5 {[%clk 0:10:19]} Qd7
{[%clk 0:08:07]} 22. c5 {[%clk 0:07:22]} h4 {[%clk 0:04:47]} 23. Qf3
{[%clk 0:04:56]} Qf5 {[%clk 0:03:46]} 1/2-1/2